Ожерелье королевы: роман; пер. с фр.

Dettagli Bibliografici
Autore principale: Дюма (Дюма-отец) А. Александр
Altri autori: Балахонов В. Е. (автор предисловия)
Riassunto:Роман из серии "Записки врача"
Lingua:russo
Pubblicazione: Москва, Прогресс, 1993
Soggetti:
Natura: MixedMaterials Libro
KOHA link:https://koha.lib.tpu.ru/cgi-bin/koha/opac-detail.pl?biblionumber=159568

MARC

LEADER 00000nam0a2200000 4500
001 159568
005 20231101222124.0
010 |a 5010038498 
020 |a RU  |b 93-14170 
035 |a (RuTPU)RU\TPU\book\173076 
090 |a 159568 
100 |a 20090513d1993 m y0rusy5003 ca 
101 1 |a rus  |c fre 
102 |a RU 
105 |a y z 000ay 
200 1 |a Ожерелье королевы  |e роман  |e пер. с фр.  |f А. Дюма (Дюма-отец)  |g авт. предисл. В. Е. Балахонов 
210 |a Москва  |c Прогресс  |c Бестселлер  |d 1993 
215 |a 782 с.  |d 21 см 
300 |a Роман из серии "Записки врача" 
610 1 |a Франция, 18 в. 
610 1 |a Приключенческие романы 
675 |a 84  |z rus 
700 1 |a Дюма (Дюма-отец)  |b А.  |c французский писатель  |f 1802-1870  |g Александр  |2 stltpush  |3 (RuTPU)RU\TPU\pers\10154  |9 2200 
702 1 |a Балахонов  |b В. Е.  |4 080 
801 0 |a RU  |b RuMRKP  |c 19950413  |g psbo 
801 1 |a RU  |b 63413507  |c 20090513  |g PSBO 
801 2 |a RU  |b 63413507  |c 20090513  |g PSBO 
942 |c BK